Tous les pays par population - 4 par 4 - Statistiques

Statistiques générales
  • Ce quiz a été pris 507 fois
  • Le résultat moyen est 14 sur 49
Réponses sur la Carte
Les réponses sont colorées sur une échelle allant du rouge au vert en fonction du pourcentage des utilisateurs qui les ont devinées à leur premier essai. Vous pouvez retrouver ces pourcentages ci-dessous.
 
Statistiques - réponses
# pays % Correct
1-4 Chine | Inde | Etats-Unis | Indonésie
100%
5-8 Pakistan | Nigeria | Brésil | Bangladesh
90%
9-12 Russie | Mexique | Japon | Éthiopie
80%
13-16 Philippines | Égypte | Viêt Nam | Rép dém Congo
71%
17-20 Iran | Turquie | Allemagne | Thailande
69%
21-24 Royaume-Uni | France | Tanzanie | Afrique du Sud
69%
29-32 Corée du Sud | Ouganda | Espagne | Argentine
63%
25-28 Italie | Kenya | Myanmar | Colombie
61%
33-36 Soudan | Algérie | Ukraine | Irak
56%
37-40 Afghanistan | Canada | Maroc | Pologne
54%
41-44 Arabie Saoudite | Angola | Ouzbékistan | Pérou
43%
53-56 Côte d'Ivoire | Niger | Australie | Corée du Nord
33%
45-48 Malaisie | Mozambique | Ghana | Yémen
31%
193-196 Palaos | Tuvalu | Nauru | Vatican
30%
49-52 Népal | Venezuela | Madagascar | Cameroun
29%
189-192 Saint-Christophe-et-Niévès | Monaco | Liechtenstein | Saint-Marin
27%
65-68 Kazakhstan | Roumanie | Guatemala | Équateur
22%
185-188 Seychelles | Andorre | Dominique | Îles Marshall
22%
57-60 Taïwan | Burkina Faso | Sri Lanka | Mali
22%
61-64 Malawi | Zambie | Syrie | Chili
21%
69-72 Sénégal | Tchad | Pays-Bas | Cambodge
21%
89-92 Azerbaïdjan | Portugal | Honduras | Suède
20%
181-184 Grenade | Saint-Vincent-et-les-Grenadines | Tonga | Antigua-et-Barbuda
19%
177-180 Samoa | Sainte-Lucie | Kiribati | Micronésie
19%
81-84 Haïti | Belgique | Soudan du Sud | Cuba
18%
77-80 Bénin | Burundi | Tunisie | Bolivie
17%
169-172 Brunei | Malte | Belize | Bahamas
15%
173-176 Islande | Vanuatu | Barbade | São Tomé-et-Principe
15%
85-88 République dominicaine | Tchequie | Grèce | Jordanie
15%
73-76 Somalie | Zimbabwe | Guinée | Rwanda
15%
97-100 Papouasie-Nouvelle-Guinée | Autriche | Israël | Suisse
14%
161-164 Guyana | Bhoutan | Salomon | Luxembourg
13%
105-108 Libye | Bulgarie | Serbie | Nicaragua
13%
153-156 Timor-Leste | Estonie | Île Maurice | Chypre
13%
137-140 Arménie | Albanie | Lituanie | Namibie
12%
93-96 Émirats arabes unis | Tadjikistan | Hongrie | Biélorussie
12%
149-152 Lettonie | Bahreïn | Guinée équatoriale | Trinité-et-Tobago
12%
133-136 Mongolie | Bosnie-Herzégovine | Jamaïque | Qatar
12%
117-120 Norvège | Slovaquie | Oman | Liberia
12%
113-116 Singapour | Danemark | Congo | Finlande
12%
157-160 Eswatini | Djibouti | Fidji | Comores
11%
129-132 Moldavie | Géorgie | Érythrée | Uruguay
11%
125-128 Nouvelle-Zélande | Panama | Koweït | Croatie
11%
145-148 Macédoine du Nord | Slovénie | Guinée-Bissau | Kosovo
10%
101-104 Togo | Sierra Leone | Laos | Paraguay
10%
109-112 Kirghizistan | Liban | Salvador | Turkménistan
9%
165-168 Monténégro | Suriname | Cabo Verde | Males
9%
121-124 Costa Rica | Irlande | République Centrafricaine | Mauritanie
8%
141-144 Gambie | Botswana | Gabon | Lesotho
7%
Aucun quiz correspondant
Distribution des résultats
% des personnes avec chaque résultat
Percentile par nombre de réponses
Votre historique - résultats
Vous n’avez pas pris ce quiz